Personnages de Peter Pan en images - Disney - Statistiques

Statistiques générales
  • Ce quiz a été pris 58 fois
  • Le résultat moyen est 7 sur 12
Statistiques - réponses
Par images Réponse % Correct
Capitaine Crochet
100%
Peter Pan
100%
Wendy Darling
100%
Monsieur Mouche
96%
Jean Darling
80%
Lily la tigresse
69%
Michel Darling
63%
Tick-Tock Croc
43%
George Darling
33%
Mary Darling
27%
Chef Indien
16%
Nibs
0%
Aucun quiz correspondant
Distribution des résultats
% des personnes avec chaque résultat
Percentile par nombre de réponses
Votre historique - résultats
Vous n’avez pas pris ce quiz